5-literowa geografia #2 - Statystyki

Ogólne statystyki
  • Ten quiz został rozwiązany 287 razy
  • Średni wynik to 11 z 20
Statystyki odpowiedzi
Wskazówka Odpowiedź % Poprawnych
Największe miasto we Francji. Paryż
95%
Największa grecka wyspa. Kreta
82%
Największe miasto w Indiach. Delhi
75%
Rzeka przepływająca przez 4 stolice. Dunaj
75%
Kraj, którego stolicą jest Doha. Katar
70%
Stolice Boliwii. La Paz
70%
Stolica Jordanii. Amman
59%
Stolica Bangladeszu. Dhaka
59%
Kraj, którego stolicą jest Niamey. Niger
57%
Wyspa na Morzu Bałtyckim na granicy Polski i Niemiec. Uznam
57%
Największe miasto w Nigerii. Lagos
55%
Sucre
52%
Pasmo górskie w Afryce Północnej. Atlas
44%
Kraj, którego stolicą jest Libreville. Gabon
39%
Kraj związkowy zachodniej Austrii (stolicą jest Innsbruck) Tyrol
39%
Najbardziej wysunięty na wschód stan USA. Maine
35%
Największa wyspa archipelagu Filipin Luzon
26%
Rzeka, która „stworzyła” starożytne cywilizacje Harappa i Mohendżo Daro. Indus
24%
Jedno z wielkich jezior Ameryki Północnej. Huron
23%
3 największe miasto w Iraku. Mosul
16%
Nie znaleziono quizów pasujących do podanych kryteriów
Rozkład punktacji
Procent ludzi z każdym wynikiem
Percentyl według liczby udzielonych odpowiedzi
Twoja historia wyników
Nie rozwiązałeś tego quizu